000 01701nam a2200397 i 4500
001 193422
003 ES-MaACL
005 20250822004011.0
008 231129b sp ||||| |||| 00| 0 spa d
017 _aM 13353-2007
_bOficina Depósito Legal Madrid
020 _a9788495503664
040 _aSpMaBN
_bspa
_cSpMaBN
_erdc
080 _a929 Felipe (460) V
080 _a929 Carlos (430) VI
080 _a94(460)"1700/14"
100 0 _919071
_aAlabrús Iglesias, Rosa María
_eaut
245 0 0 _aFelipe V, Archiduque Carlos /
_cRosa María Alabrús Iglesias
260 _aMadrid :
_bArlanza Ediciones ;
_bTranquilo Producciones,
_c[2007]
300 _a48 páginas :
_bilustraciones (color) +
_e1 DVD-Vídeo
336 _2rdacontent
_aTexto
337 _2rdamedia
_asin mediación
338 _2rdacarrier
_avolumen
490 1 _aVidas cruzadas ;
_v2
500 _aEn cub.: La Aventura de la historia
500 _aCronología
520 3 _aVídeo: Se relatan los enfrentamientos, tras la muerte de Carlos II en 1700, entre Felipe de Anjou y el archiduque Carlos de Austria, como aspirantes al trono de España en la Guerra de Sucesión
600 0 4 _aFelipe
_bV,
_cRey de España
_949182
600 0 4 _aCarlos
_bVI,
_cEmperador del Sacro Imperio Romano Germánico,
_d1685-1740
_9175791
650 7 _aGuerra de Sucesión española, 1700-1714
_2embne
_9140912
830 0 _9234605
_aVidas cruzadas (Madrid) ;
_v2
852 _aES-MaACL
_cDEPOF
_j2333-F-28
_9200883
_hDonación: Editorial
852 _aES-MaACL
_cROT
_hDonación: Editorial
_9203362
_jROT 6/2/30
942 _n0
_cFOLLETOS
999 _c193422
_d193422